[Event "CZE-ch U16"]
[Site "Teplice"]
[Date "2023.03.12"]
[Round "2"]
[White "Seidl, Jan1111"]
[Black "Tesar, Jakub"]
[Result "1-0"]
[WhiteElo "2025"]
[BlackElo "1960"]
[PlyCount "91"]
[EventDate "2023.03.11"]
[EventType "swiss"]
[EventRounds "9"]
[EventCountry "CZE"]
[SourceTitle "CBM 213 Extra"]
[Source "ChessBase"]
[SourceDate "2023.05.31"]
[SourceVersion "1"]
[SourceVersionDate "2023.05.31"]
[SourceQuality "1"]

1. e4 e6 2. d4 d5 3. e5 c5 4. c3 Nc6 5. Nf3 Qb6 6. Bd3 cxd4 7. 0-0 Bd7 8. Re1 Nge7 9. h4 a6 10. h5 g6 11. Nbd2 dxc3 12. bxc3 gxh5 13. c4 Ng6 14. cxd5 exd5 15. Rb1 Qc7 16. Ng5 Bg4 17. Qa4 Be7 18. Ndf3 Nf8 19. Nd4 Qa5 20. Qxa5 Nxa5 21. f3 Be6 22. Nf5 Bxf5 23. Bxf5 b5 24. e6 Bxg5 25. exf7+ Kxf7 26. Bxg5 Ng6 27. Rbc1 Nc4 28. Be6+ Kg7 29. Bxd5 Rac8 30. Bb7 Rce8 31. Bxa6 h6 32. Rxe8 Rxe8 33. Bxb5 Ra8 34. Bxh6+ Kxh6 35. Bxc4 Ne5 36. Bb3 h4 37. Kh2 Kg5 38. Rc5 Kf4 39. Kh3 Rb8 40. Rd5 Rb4 41. Rd8 Ng6 42. Rg8 Rb6 43. Bc2 Ne5 44. Rh8 Rb2 45. Rxh4+ Kg5 46. f4+ 1-0

[Event "CZE-ch U12"]
[Site "Kouty nad Desnou"]
[Date "2020.03.10"]
[Round "5"]
[White "Hobza, Richard"]
[Black "Tesar, Jakub"]
[Result "1/2-1/2"]
[WhiteElo "1251"]
[BlackElo "1446"]
[PlyCount "80"]
[EventDate "2020.03.07"]
[EventType "swiss"]
[EventRounds "7"]
[EventCountry "CZE"]
[SourceTitle "CBM 195 Extra"]
[Source "ChessBase"]
[SourceDate "2020.05.31"]
[SourceVersion "1"]
[SourceVersionDate "2020.05.31"]
[SourceQuality "1"]

1. d4 d5 2. Nf3 Nf6 3. e3 e6 4. Bd3 c5 5. c3 Nc6 6. Nbd2 b6 7. 0-0 Bb7 8. Qe2 Nh5 9. Bc2 f5 10. Ne5 Nxe5 11. dxe5 g6 12. f4 Rc8 13. Nf3 Be7 14. Ba4+ Kf7 15. Rd1 Qc7 16. c4 Rhd8 17. Bc2 dxc4 18. Qxc4 Rxd1+ 19. Bxd1 Qd7 20. Qf1 Rd8 21. Be2 Be4 22. b3 Ng7 23. Bb2 Ne8 24. Rd1 Qc8 25. Rxd8 Qxd8 26. Qe1 Nc7 27. Nd2 Bc6 28. Bf3 Bxf3 29. Nxf3 Qd3 30. g3 Nd5 31. Kf2 c4 32. bxc4 Qxc4 33. a3 Bc5 34. Nd4 Qd3 35. Qe2 Qe4 36. Qf3 Qb1 37. Qe2 Qh1 38. h4 Qh2+ 39. Kf3 Qh1+ 40. Kf2 Qb1 1/2-1/2

[Event "Prague Golden op 14th"]
[Site "Prague"]
[Date "2018.07.07"]
[Round "8"]
[White "Nemecek, Pavel2222"]
[Black "Tesar, Jakub"]
[Result "1/2-1/2"]
[WhiteElo "1383"]
[BlackElo "1299"]
[PlyCount "90"]
[EventDate "2018.06.30"]
[EventType "swiss"]
[EventRounds "9"]
[EventCountry "CZE"]
[SourceTitle "CBM 185 Extra"]
[Source "ChessBase"]
[SourceDate "2018.07.29"]
[SourceVersion "1"]
[SourceVersionDate "2018.07.29"]
[SourceQuality "1"]

1. e4 e5 2. Bc4 Nf6 3. Nc3 Nc6 4. d3 h6 5. Nf3 Bc5 6. 0-0 0-0 7. Be3 Bb6 8. Qd2 Ng4 9. Bxb6 axb6 10. h3 Nf6 11. Rad1 d6 12. d4 exd4 13. Nxd4 Nxd4 14. Qxd4 Be6 15. Bxe6 fxe6 16. e5 Ne8 17. exd6 Qxd6 18. Rfe1 Qxd4 19. Rxd4 Rf6 20. Rd7 Kf8 21. a3 Rf7 22. Rd3 Re7 23. Nb5 g6 24. Rg3 Kf7 25. Nd4 Rd8 26. Rf3+ Nf6 27. c3 e5 28. Nb3 e4 29. Rfe3 Rd3 30. Rxd3 exd3 31. Rxe7+ Kxe7 32. Kf1 Kd6 33. Ke1 Ne4 34. f3 Nc5 35. Nd4 Na4 36. b3 Nxc3 37. Kd2 Nd5 38. Kxd3 Nf4+ 39. Ke4 Nxg2 40. Nb5+ Kc6 41. Nd4+ Kd6 42. Nb5+ Kd7 43. Ke5 c6 44. Nc3 g5 45. Ne4 Ke7 1/2-1/2

[Event "Prague Golden op 14th"]
[Site "Prague"]
[Date "2018.07.06"]
[Round "7"]
[White "Tesar, Jakub"]
[Black "Zacek, Petr1111"]
[Result "0-1"]
[WhiteElo "1299"]
[BlackElo "1528"]
[PlyCount "56"]
[EventDate "2018.06.30"]
[EventType "swiss"]
[EventRounds "9"]
[EventCountry "CZE"]
[SourceTitle "CBM 185 Extra"]
[Source "ChessBase"]
[SourceDate "2018.07.29"]
[SourceVersion "1"]
[SourceVersionDate "2018.07.29"]
[SourceQuality "1"]

1. e4 c5 2. Nf3 d6 3. d4 cxd4 4. Nxd4 Nf6 5. Nc3 a6 6. Bc4 e6 7. 0-0 Be7 8. Be3 0-0 9. Nf3 Nc6 10. a3 Qc7 11. Qd3 b5 12. Ba2 Bb7 13. Rad1 Rfd8 14. a4 b4 15. Ne2 Rac8 16. c3 bxc3 17. Nxc3 Nb4 18. Qd4 Nxa2 19. Nxa2 Nxe4 20. Rc1 Qb8 21. Nb4 Bf6 22. Qb6 Rxc1 23. Rxc1 Rc8 24. Nxa6 Rxc1+ 25. Bxc1 Qc8 26. Qc7 Bxa6 27. Qxc8+ Bxc8 28. b4 Nc3 0-1